[Event "Challenge"]
[Site "http://www.queenalice.com/game.php?id=821430"]
[Date "2010.8.21"]
[Round "-"]
[White "Fremen"]
[Black "rubiomay"]
[Result "0-1"]
[WhiteElo "1183"]
[BlackElo "887"]

1. d3 g6 2. e3 e6 3. Qf3 Bb4+ 4. c3 Ba5 5. Nh3 Nc6 6. Ng5 Qxg5 7. h4 Qh5 8. g4
Qe5 9. d4 Qf6 10. Qxf6 Nxf6 0-1

[Event "Challenge"]
[Site "http://www.queenalice.com/game.php?id=824943"]
[Date "2010.8.29"]
[Round "-"]
[White "rubiomay"]
[Black "yeye2"]
[Result "0-1"]
[WhiteElo "1119"]
[BlackElo "1372"]

1. b3 d5 2. Ba3 g5 3. Bb2 f6 4. c3 Bg7 5. Qc2 Nh6 6. b4 f5 7. Qa4+ Bd7 8. b5 c6
9. e3 Qc7 10. Be2 Be5 11. Nf3 cxb5 12. Qa3 a5 13. Nxg5 a4 14. Bh5+ Kf8 15. h4
Bd6 16. Qxd6 Qxd6 17. c4 e5 18. Nc3 bxc4 19. Rh3 Ng4 20. Nf7 Qb4 21. Ba3 Qxa3
22. Nxh8 Ra6 23. Nxd5 Qb2 24. Rd1 Qxa2 25. f3 Be6 26. Nc3 Qc2 27. fxg4 Kg7 28.
gxf5 Qxf5 29. g4 Qd3 30. Rf3 Qd7 31. Rb1 Qd8 32. e4 Kxh8 33. g5 Qd7 34. Rf8+ Kg7
35. Rxb8 Ra7 36. Be8 Qc7 37. R8xb7 Rxb7 38. Bb5 h6 39. Bxa4 Rxb1+ 40. Nxb1 Qa7
41. Nc3 Qg1+ 42. Ke2 Qg4+ 43. Ke3 h5 44. Bd1 Qxh4 45. Be2 Qxg5+ 46. Kf3 Qxd2 47.
Nb1 Bg4+ 48. Kg3 Qxe2 49. Nc3 Qf3+ 50. Kh4 Kg6 0-1

[Event "toma castaña"]
[Site "http://www.queenalice.com/game.php?id=830647"]
[Date "2010.9.9"]
[Round "-"]
[White "rubiomay"]
[Black "hugo10mendes"]
[Result "1-0"]
[WhiteElo "1094"]
[BlackElo "1372"]

1. c3 e5 2. Na3 a6 3. d3 Bc5 4. Qd2 h6 5. d4 exd4 6. cxd4 Bxa3 7. bxa3 Qf6 8.
Nh3 d6 9. Rb1 b6 10. e4 Nc6 11. d5 Ne5 12. a4 b5 13. axb5 Nc4 14. Bxc4 h5 15.
bxa6 Bxa6 16. Bb2 Qe7 17. a4 Bxc4 18. Bxg7 Rh7 19. Bd4 Nf6 20. Rb4 Nxe4 21. Qc2
f6 22. Qxc4 Nd2+ 23. Kxd2 Qe4 24. Re1 f5 25. Rxe4+ fxe4 26. Ng5 Rh6 27. Qxc7 h4
28. Qc6+ 1-0

[Event "Challenge"]
[Site "http://www.queenalice.com/game.php?id=830648"]
[Date "2010.9.9"]
[Round "-"]
[White "rubiomay"]
[Black "buahhmc"]
[Result "0-1"]
[WhiteElo "1119"]
[BlackElo "1564"]

1. g3 d5 2. e3 Nc6 3. Qf3 Nh6 4. Bh3 Ne5 5. Qf4 Qd6 6. d4 Ng6 7. Qf3 b6 8. Nc3
Bb7 9. Kd1 e6 10. Nb5 Qc6 11. Bf1 Ba6 12. a4 Nf5 13. Qg4 Bb4 14. Ra3 Bxa3 15.
bxa3 O-O 16. h4 Nd6 17. h5 Bxb5 18. axb5 Qc3 19. hxg6 fxg6 20. Qxe6+ Rf7 21.
Qxd5 Rf8 22. Ne2 Qc4 23. Bg2 Qxb5 24. Rh4 Kh8 25. Be4 Qxd5 26. Bxd5 Rxf2 27. Rf4
Rf1+ 28. Kd2 g5 29. Rg4 h6 30. e4 b5 31. e5 Nf5 32. e6 Kh7 33. c3 Kg6 34. Re4
Ne7 35. g4 Nxd5 36. a4 bxa4 37. c4 Nf6 38. Nc3 Nxe4+ 39. Nxe4 R1f4 40. Nc5 Rxd4+
41. Kc3 Rxg4 42. Nxa4 Re8 43. Nc5 h5 44. Kd3 h4 45. Ne4 Rxe6 46. Nf2 Rg3+ 47.
Kd4 h3 48. Kd5 Rf6 49. Be3 h2 50. c5 Rg2 51. Nh1 Rf1 52. c6 Rxh1 53. Bxa7 Rd1+
54. Ke6 h1=Q 55. Bb8 Re2# 0-1

[Event "Estás preparao"]
[Site "http://www.queenalice.com/game.php?id=830740"]
[Date "2010.9.10"]
[Round "-"]
[White "etorvici"]
[Black "rubiomay"]
[Result "1-0"]
[WhiteElo "1989"]
[BlackElo "1119"]

1. e4 e6 2. Nf3 Qe7 3. Bc4 Nc6 4. d3 d5 5. Bb3 dxe4 6. dxe4 e5 7. Nc3 Be6 8. Ba4
Rd8 9. Nd5 Qd7 10. Nxe5 Qd6 11. Bf4 b5 12. Bxb5 Bxd5 13. exd5 Qxd5 14. Qxd5 Rxd5
15. Bxc6+ Ke7 16. Bxd5 Nf6 17. Nc6+ Kd7 18. O-O-O h6 19. Nxa7 g5 20. Bc6+ Ke6
21. Bxc7 Bc5 22. Nb5 Bxf2 23. Rd6+ Kf5 24. Rf1 h5 25. Rxf2+ Kg4 26. Rdxf6 Rc8
27. Bf3+ Kh4 28. Bg3# 1-0

[Event "Challenge"]
[Site "http://www.queenalice.com/game.php?id=830858"]
[Date "2010.9.10"]
[Round "-"]
[White "marcelohr"]
[Black "rubiomay"]
[Result "1-0"]
[WhiteElo "1073"]
[BlackElo "1100"]

1. d4 c6 2. e4 Na6 3. c4 e6 4. Bd2 Bb4 5. a3 Bd6 6. c5 Be7 7. Nf3 Nf6 8. Bd3 Qc7
9. e5 Nd5 10. Nc3 Qa5 11. Nxd5 Qd8 12. Nxe7 Qxe7 13. Bg5 Qf8 14. O-O h6 15. Be3
f5 16. b4 h5 17. Ng5 h4 18. d5 f4 19. Bd4 cxd5 20. Bb5 g6 21. Nxe6 Qf5 22. Ng7+
Kf7 23. Nxf5 d6 24. exd6 gxf5 25. Bxh8 Be6 26. Qh5+ Kg8 27. Qh6 Kf7 28. Qg7# 1-0

[Event "buahhmc-2"]
[Site "http://www.queenalice.com/game.php?id=837523"]
[Date "2010.9.24"]
[Round "1"]
[White "rubiomay"]
[Black "etorvici"]
[Result "0-1"]
[WhiteElo "1094"]
[BlackElo "1989"]

1. e4 e5 2. d3 Nc6 3. Nf3 Bc5 4. Bg5 Nf6 5. Bh4 d6 6. Ng5 h6 7. Nh3 O-O 8. Be2
g5 9. Bg3 g4 10. Ng1 d5 11. exd5 Qxd5 12. f3 Bxg1 13. Rxg1 Qd4 14. Rh1 Qxb2 15.
Nd2 Nb4 16. Qb1 Nxc2+ 17. Kd1 Qxa1 18. Kxc2 Qxb1+ 19. Nxb1 Bf5 20. fxg4 Nxg4 21.
Rf1 Ne3+ 22. Kd2 Nxf1+ 23. Bxf1 Rad8 24. Bxe5 c5 25. Nc3 Rfe8 26. g4 Bxd3 27.
Bxd3 c4 28. Bd4 Rxd4 29. Kc2 Rxd3 30. a3 Ree3 31. Nd1 Re2+ 32. Kc1 Re1 33. Kc2
Rexd1 34. a4 Rg1 0-1

[Event "Challenge"]
[Site "http://www.queenalice.com/game.php?id=846123"]
[Date "2010.10.15"]
[Round "-"]
[White "rubiomay"]
[Black "yeye2"]
[Result "0-1"]
[WhiteElo "1212"]
[BlackElo "1595"]

1. g3 d5 2. f3 Nc6 3. b3 e5 4. Ba3 Bxa3 5. Nxa3 Qd6 6. Bh3 Qxa3 7. g4 Qc5 8. c3
d4 9. b4 Qc4 10. a3 dxc3 11. d3 Qd4 12. Qa4 Qe3 13. Qb3 Qd4 14. Rc1 Be6 15. Rxc3
Bxb3 16. Rxb3 Qa1+ 17. Kd2 Nf6 18. Rc3 Qb2+ 19. Rc2 Qxa3 20. b5 Qb4+ 21. Kc1
Qxb5 22. e3 Qxd3 23. g5 Qxe3+ 24. Kd1 Rd8+ 25. Rd2 Qxd2# 0-1

[Event "Challenge"]
[Site "http://www.queenalice.com/game.php?id=852803"]
[Date "2010.10.31"]
[Round "-"]
[White "rubiomay"]
[Black "adrianaluz"]
[Result "0-1"]
[WhiteElo "1211"]
[BlackElo "1208"]

1. e4 b6 2. d3 Nc6 3. Qf3 f6 4. b3 d6 5. Nh3 g6 6. Na3 Nd4 7. Qe3 c5 8. f3 Bh6
9. c3 Qd7 10. cxd4 Bxe3 11. Bxe3 cxd4 12. Bxd4 Nh6 0-1

[Event "buahhmc-2"]
[Site "http://www.queenalice.com/game.php?id=856612"]
[Date "2010.11.8"]
[Round "2"]
[White "buahhmc"]
[Black "rubiomay"]
[Result "0-1"]
[WhiteElo "1618"]
[BlackElo "1176"]

1. d4 e6 2. Nc3 Na6 3. Bf4 d6 4. d5 Nb4 5. e3 g6 6. dxe6 fxe6 7. Nf3 Nd5 8. Nxd5
exd5 9. Qxd5 Ne7 10. Qd4 Rg8 11. Bc4 c5 12. Qf6 d5 13. Ne5 Rg7 14. Bb5+ Nc6 15.
Bxc6+ bxc6 16. Qxc6+ Bd7 17. Nxd7 Rxd7 18. O-O-O Rc8 19. Qb5 h5 20. Rxd5 a6 21.
Qxd7+ Qxd7 22. Rxd7 Kxd7 23. Rd1+ Ke7 24. Bd6+ Ke6 25. Bxf8 Rxf8 26. f4 c4 27.
Rd4 Rc8 28. h3 a5 29. g4 hxg4 30. hxg4 Rc6 31. b3 c3 32. Ra4 Rc5 33. b4 Rc4 34.
a3 Re4 35. Rxa5 Rxe3 36. Rc5 Re1# 0-1

[Event "Challenge"]
[Site "http://www.queenalice.com/game.php?id=863274"]
[Date "2010.11.24"]
[Round "-"]
[White "rubiomay"]
[Black "tegwar00"]
[Result "1-0"]
[WhiteElo "1140"]
[BlackElo "1285"]

1. e4 e5 2. d3 Nf6 3. Bg5 Nc6 4. c3 Bc5 5. d4 exd4 6. cxd4 Bxd4 7. e5 Bxe5 8.
Bh4 Bxb2 9. Nd2 Qe7+ 10. Be2 Bxa1 11. Qxa1 d5 12. Ngf3 O-O 13. Rf1 Qb4 14. a3
1-0

[Event "Challenge"]
[Site "http://www.queenalice.com/game.php?id=866170"]
[Date "2010.12.1"]
[Round "-"]
[White "rubiomay"]
[Black "yeye2"]
[Result "0-1"]
[WhiteElo "1195"]
[BlackElo "1622"]

1. e4 e5 2. b3 d5 3. exd5 Qxd5 4. a4 Qe4+ 5. Be2 Qxg2 6. Bb5+ c6 7. Qf3 Qxf3 8.
Nxf3 cxb5 9. axb5 Bd6 10. Ba3 Bc7 11. Rf1 a6 12. b6 Bxb6 13. Nxe5 Bc7 14. Bb2 b5
15. b4 Nh6 16. Rg1 Rg8 17. Kd1 Bb7 18. Re1 Kf8 19. Nc3 f6 20. Nd3 Bxh2 21. f4
Kf7 22. Ne4 Re8 23. Nd6+ Kg6 24. Rxe8 Bf3+ 25. Ke1 Ng4 26. f5+ Kg5 27. Rg8 Kh6
28. Nf7+ Kh5 29. Rxg7 Bg3+ 30. Kf1 Nh2+ 31. Kg1 Ra7 32. Rxh7+ Kg4 33. Re1 Bxe1
34. Nxe1 Bd5 35. Kxh2 Rxf7 36. Rh6 Kxf5 37. Rh5+ Ke6 38. Nd3 Ba2 39. Nc5+ Ke7
40. Rh8 Nc6 41. Ba3 Nd4 42. c3 Nf3+ 43. Kg3 Nxd2 44. Nxa6 Ke6 45. Bc1 Ne4+ 46.
Kf4 Nxc3 47. Re8+ Kd7 48. Re3 Nd5+ 49. Kf3 Nxe3 50. Bxe3 Re7 51. Nb8+ Ke6 52.
Bc5 Re8 53. Nc6 Bd5+ 54. Ke3 Bxc6 55. Kd4 Kf5 56. Kc3 Kg4 57. Kd3 f5 58. Bd6 Rd8
0-1

[Event "Challenge"]
[Site "http://www.queenalice.com/game.php?id=895770"]
[Date "2011.2.4"]
[Round "-"]
[White "rubiomay"]
[Black "yeye2"]
[Result "0-1"]
[WhiteElo "1244"]
[BlackElo "1656"]

1. c3 d5 2. g3 e5 3. e3 e4 4. Qa4+ c6 5. d4 Qf6 6. b3 Qd8 7. b4 Qf6 8. b5 Bg4 9.
h3 Bf3 10. Rh2 Bd6 11. c4 Nh6 12. c5 Be7 13. bxc6 Nxc6 14. h4 O-O 15. Qb3 Qf5
16. a4 Rfb8 17. Nd2 b6 18. Bg2 Bxg2 19. Rxg2 Bf6 20. g4 Nxg4 21. Qb5 Ne7 22. Rg3
Qxf2+ 23. Kd1 Qxg3 24. Ne2 Nf2+ 25. Ke1 Nd3+ 26. Kd1 Qe1+ 27. Kc2 Qxe2 28. c6
Qxe3 29. c7 Rc8 30. Qd7 Qxd4 31. Bb2 Qc5+ 32. Bc3 Qxc3+ 33. Kd1 Qxa1+ 0-1

[Event "Let's Play Chess!"]
[Site "http://www.queenalice.com/game.php?id=898113"]
[Date "2011.2.9"]
[Round "-"]
[White "Matrim"]
[Black "rubiomay"]
[Result "1-0"]
[WhiteElo "2013"]
[BlackElo "1244"]

1. e4 e5 2. d4 exd4 3. c3 dxc3 4. Bc4 cxb2 5. Bxb2 Bc5 6. Qf3 f6 7. Qb3 f5 8.
Bxg8 Qe7 9. Ne2 fxe4 10. O-O Qf8 11. Bd5 Qf5 12. Bxg7 Rf8 13. Bxf8 Qxf8 14. Bxb7
Bxb7 15. Qxb7 Nc6 16. Qxa8+ Ke7 17. Qxf8+ Kxf8 18. Nbc3 e3 19. fxe3+ Ke8 20. Nd5
Nd4 21. exd4 1-0

[Event "Challenge"]
[Site "http://www.queenalice.com/game.php?id=903737"]
[Date "2011.2.22"]
[Round "-"]
[White "rubiomay"]
[Black "yeye2"]
[Result "0-1"]
[WhiteElo "1244"]
[BlackElo "1765"]

1. e4 e5 2. b3 Nf6 3. Qe2 b6 4. Nc3 Bc5 5. g3 Qe7 6. Nd5 Qd6 7. f4 Bb7 8. Nf3
Nxe4 9. Qxe4 Bxd5 10. Qe2 f6 11. Bg2 Nc6 12. c4 Be6 13. d3 O-O-O 14. Bb2 exf4
15. gxf4 Qxf4 16. Bc1 Qg4 17. h3 Qg3+ 18. Kd1 Rde8 19. Be3 Bxe3 20. Qxe3 Qxg2
21. Rg1 Qxh3 22. a3 Bg4 0-1